Verdad o consecuencia[juego] : ¿Cuánto sabes de tus amigos? /

Guardado en:
Formato: Objeto Físico
Publicado: Argentina : Bontus, 200-.
Materias:
Etiquetas: Agregar Etiqueta
Sin Etiquetas, Sea el primero en etiquetar este registro!
LEADER 00999nrm a22001455g 4500
001 CEM.cems019923
008 230327s2000##################0###0#####d
005 20231113083634.0
245 0 0 |a Verdad o consecuencia[juego] : ¿Cuánto sabes de tus amigos? /  |c Bontus. 
260 |a Argentina :  |b Bontus,  |c 200-. 
300 |a 1 juego (1 mazo de 56 cartas con 246 actividades, e instrucciones de juego) ; en caja 16 x 14 x 3 cm. 
500 |a Juego de mesa para 2 a 8 jugadores adultos. Jugando a "Verdad o consecuencia" vas a conocer más a tus amigos, a tus familiares y … ¡A ti mismo!. Contestando las preguntas con la verdad y realizando las desopilantes consecuencias, sumas puntos para ganar, pero atención con lo que dices y haces porque son los demás jugadores quienes deciden si has contestado la "verdad" o si has realizado bien la "consecuencia". 
653 |a Juego de mesa 
859 |a CEMS  |b BIB. CEMS - Ludoteca  |h J793.73  |i B644-1  |p 488.23  |t Ej.1 
859 |a CEMS  |b BIB. CEMS - Ludoteca  |h J793.73  |i B644-1  |p 501.23  |t Ej.2